000 00497nam a2200193 a 4500
001 1770460530306
003 YourLibrary
005 20260207160835.0
008 260207s1998##################000#0#eng##
020 _a9780415175197
082 0 4 _a306.42
_bSTA
100 1 _aStark, Werner,
_eauthor.
245 1 0 _aThe Sociology of Knowledge :
260 _bPsychology Press,
_c1998.
300 _a372 pages
650 0 _aPhilosophy.
942 _cENGLISH
040 _aYourLibrary
_beng
_cYourLibrary
999 _c611228
_d611228